Cumhurbaşkanlığı forsundaki yıldızları temsil eden Türk Devletleri - Statistics

General Stats
  • This quiz has been taken 672 times
  • The average score is 10 of 16
Answer Stats
Hint Answer % Correct
Osman Gazi tarafından kurulmuş olan en uzun ömürlü Türk devletidir. Osmanlı İmparatorluğu
94%
Bumin Kağan tarafından kurulmuş ve en bilinen hükümdar Bilge Kağan'dır Göktürk Kağanlığı
89%
Kurucusu Teoman olup en parlak dönemini Metehan döneminde yaşadı Asya Hun İmparatorluğu
88%
Tuğrul ve Çağrı Beyler tarafından kurulmuştur. en bilinen hükümdar Melik Şah dır Büyük Selçuklu Devleti
88%
Balamir tarafından kurulmuş en parlak dönemini Atilla zamanında yaşamıştır Avrupa Hun İmparatorluğu
86%
Emir Timur tarafından kurulmuş ve en bilinen hükümdar Emir Timur'dur Büyük Timur Devleti
79%
Bilge Kül Kadir Han tarafından kurulmuş ve İslamiyeti kabu eden ilk türk devleti Karahanlı Devleti
67%
Kutluk Bilge Kül Kağan tarafından kurulmuş ve 847 yılında resmen sona ermiştir Uygur Kağanlığı
65%
Babür Şah tarafından kurulmuş ve en bilinen hükümdar Babür Şah'dır Babür Devleti
63%
Alp Tigin tarfından kurulmuş en bilinen hükümdar Sultan Mahmut 'tur Gazneli Devleti
60%
Batu Han tarafından kurulmuştur ve en bilinen hükümdar Berke Han'dır Altın Orda Devleti
38%
1. Bayan tarafndan kurulmuş olup 200 yıldan fazla hüküm sürmüştür Avar Kağanlığı
37%
Böri Şad tarafından kurulmuş ve 300 yıldan fazla hüküm sürmüştür Hazar Kağanlığı
33%
Aksuvar tarafından kurulan Türk devleti Ak Hun İmparatorluğu
31%
Panu tarafından kurulmuş olup 168 yıl ayakta kaldı Batı Hun İmparatorluğu
31%
Kutbeddin Muhammed tarafından kurulmuş ve Moğollar tarafından yıkılmıştır Harezmşahlar Devleti
23%
No matching quizzes found
Score Distribution
Percent of People with Each Score
Percentile by Number Answered
Your Score History
You have not taken this quiz